00459pam a2200157a 44500008004100000020002300041082001500064100002300079245005400102260006500156300001000221700001500231700002500246906001100271999001900282230405s1997 xxu||||| |||| 00| 0 eng d a8171794912cRs.147 a618.2bMUK aMukherjee, Gita G. aMedico-Legal Aspects in Obstetrics and Gynecology aNew DelhibJaypee Brothers Medical Publishers (P) Ltd.c1997 a215 p aTank, D.K. aSoonawala, Rustom P. a000706 c249473d249473